25 largest countries in terms of gross national product - World - Statistics

General Stats
  • This quiz has been taken 25 times
  • The average score is 23 of 25
Answer Stats
GNP in billions $ Answer % Correct
1,774 Canada
100%
25,360 China
100%
2,856 France
100%
9,474 India
100%
5,443 Japan
100%
2,925 United Kingdom
100%
1,248 Australia
96%
3,248 Brazil
96%
2,463 Mexico
96%
4,016 Russia
96%
2,035 South Korea
96%
19,490 United States
96%
4,199 Germany
92%
1,775 Saudi Arabia
92%
1,204 Egypt
88%
3,250 Indonesia
88%
2,317 Italy
88%
1,778 Spain
88%
1,121 Nigeria
84%
1,061 Pakistan
84%
1,236 Thailand
84%
1,126 Poland
80%
2,186 Turkey
80%
1,189 Taiwan
76%
1,640 Iran
72%
No matching quizzes found
Score Distribution
Percent of People with Each Score
Percentile by Number Answered
Your Score History
You have not taken this quiz